| 000 | 02534cam a22003138i 4500 | ||
|---|---|---|---|
| 001 | 21890006 | ||
| 003 | EG-ScBUE | ||
| 005 | 20250511115032.0 | ||
| 008 | 210202s2022 enka f b 001 0 eng d | ||
| 020 | _a9780367406561 | ||
| 040 |
_aDLC _beng _erda _cDLC _drda |
||
| 082 | 0 | 4 |
_a749.09 _222 _bOAT |
| 100 | 1 |
_aOats, Joclyn M., _eauthor. |
|
| 245 | 1 | 3 |
_aAn illustrated guide to furniture history / _cJoclyn M. Oats. |
| 264 | 1 |
_aAbingdon, Oxon ; _aNew York : _bRoutledge, _c2022. |
|
| 300 |
_axxviii, 358 pages : _bcolor illustrations ; _c24 cm |
||
| 336 |
_atext _btxt _2rdacontent |
||
| 337 |
_aunmediated _bn _2rdamedia |
||
| 338 |
_avolume _bnc _2rdacarrier |
||
| 504 | _aIncludes bibliographical references and index. | ||
| 520 |
_a"An Illustrated Guide to Furniture History provides upper-level students and instructors with an alternative visual analytical approach to learning about furniture history from antiquity to post-modernism. Following an immersive teaching model, it presents a nine-step methodology to help strengthen students' visual literacy and quickly acquire subject area knowledge. Moving chronologically through key periods in furniture history and interior design, such as the Renaissance, the Arts & Crafts Movement and Modernism, it traverses from Europe to America to present a comprehensive foundational guide to the history of furniture design. Part I addresses furniture within the context of the built environment, with chapters exploring the historical perspective, construction principles, and the categorization of furniture. In Part II, the author visually depicts the structural organization of the methodological process, a three-category framework - History, Aesthetics and Visual Notes. The chapters in this part prepare the reader for the visual analysis that will occur in the final section of the book. The book is lavishly illustrated in full colour with over 300 images to reinforce visual learning and notation. A must-have reference and study guide for students in industrial and product design, interior design and architecture"-- _cProvided by publisher. |
||
| 650 | 7 |
_aFurniture _xHistory. _2BUEsh |
|
| 653 |
_cMay2025 _bART |
||
| 655 | _vReading book | ||
| 776 | 0 | 8 |
_iOnline version: _aOats, Joclyn M. _tIllustrated guide to furniture history _dLondon ; New York : Routledge, Taylor & Francis Group, 2022 _z9780367808297 _w(DLC) 2021000517 |
| 906 |
_a7 _bcbc _corignew _d1 _eecip _f20 _gy-gencatlg |
||
| 942 |
_2ddc _cBB |
||
| 999 |
_c30963 _d30934 |
||